000 00692nam a2200289Ia 4500
005 20260324135123.0
008 008 260324s9999 xx 000 0 eng d
020 _a9780429236280
037 _aEBOOK
040 _aCRL
040 _beng
040 _cCRL
041 _2eng
041 _aeng
084 _qCRL
100 _aEdmund Bosworth
_91199411
245 4 _aThe History of the Seljuq Turks
245 4 _bThe Saljuq-nama of Zahir al-Din Nishpuri
260 _bTaylor and Francis
260 _c2000
365 _a
365 _b230
856 _uhttp://www.taylorfrancis.com/books/9780429236280
942 _cEBOOK
999 _c1800160
_d1800160